| 000 | 01040cab a2200277 4500 | ||
|---|---|---|---|
| 001 | WB3340-33 | ||
| 008 | 090401t1997 xxu||||| |||| 00| 0 eng d | ||
| 035 | _a(Sirsi) u81455 | ||
| 041 | _aeng | ||
| 245 | _aContributory negligence | ||
| 260 | _c1997 | ||
| 350 | _a0 | ||
| 490 |
_aEstates Gazette _v(9741) 11 October 1997, 15291) |
||
| 520 | _aDiscusses the decision in "HIT Finance Ltd v Lewis & Tucker Ltd" which has led to valuers responding to actions for professional negligence to invoke the defence of contributory negligence. Case law. | ||
| 650 | _aBANQUE BRUXELLES LAMBERT SA V EAGLE STAR INSURANCE | ||
| 650 | _aCONTRIBUTORY NEGLIGENCE | ||
| 650 | _aCOVENTRY BUILDING SOCIETY V WILLIAM MARTIN & PARTNERS | ||
| 650 | _aHIT FINANCE LTD V LEWIS & TUCKER LTD | ||
| 650 | _aLENDERS | ||
| 650 | _aNEGLIGENCE | ||
| 650 | _aSOUTH AUSTRALIA ASSET MANAGEMENT CORPORATION V YORK MONTAGUE LTD | ||
| 650 | _aVALUERS | ||
| 690 | _aMANAGEMENT-BUSINESS MANAGEMENT-PROFESSIONAL PRACTICE | ||
| 942 | _n0 | ||
| 948 | _c15/10/1997 | ||
| 999 |
_c51323 _d51323 |
||